| 000 | 01438 a2200325 4500 | ||
|---|---|---|---|
| 001 | 25853 | ||
| 005 | 20260407155541.0 | ||
| 008 | 260407a2004 arg spa d | ||
| 003 | AR-UNSa-BCEJYS | ||
| 040 |
_aAR-UNSa-BCEJYS _bspa _cAR-UNSa-BCEJYS |
||
| 080 |
_a330 _xEconomía en general |
||
| 245 | 1 | 0 | _aEconomía |
| 020 | _a978-970-26-0443-3 | ||
| 250 | _a6a. ed | ||
| 264 | 1 |
_aMéxico : _bPearson Educación _c2004 |
|
| 300 |
_axlvi, 860p. _c27 cm. |
||
| 505 | _aParte 1 : Introducción - Parte II : Cómo funcionan los mercados - Parte III : Las elecciones de los consumidores - Parte IV : Empresas y mercados - Parte V : Mercado de factores - Parte VI : El gobierno y las fallas de mercado - Parte VII : Perspectiva macroeconómica - Parte VIII : Demanda agregada y crecimiento económico - Parte IX : Demanda agregada e inflación - Parte X : Problemas políticas de estabilización - Parte XI : La economía global | ||
| 041 | _aspa | ||
| 942 | _cBK | ||
| 590 | _aniveau_biblio:m niveau_hierar:0 | ||
| 100 | 1 | _aParkin, Michael | |
| 700 | 1 | _aSánchez Carrión, Miguel Angel | |
| 700 | 1 | _aMadrigal Muñiz, Luis Oscar | |
| 700 | 1 | _aAbán Candia, Edwin | |
| 700 | 1 | _aMaldonado de Losada, Marcela | |
| 700 | 1 | _aIbarra, Carlos A. | |
| 700 | 1 | _aMuñoz Vargas, Erlend | |
| 700 | 1 | _aSalazar Rojas, Jaime Óscar | |
| 856 | 4 | 1 |
_uhttps://biblioeco.unsa.edu.ar/pmb/images/libros/Economia 6ed.jpg _yImagen de portada _qimage/jpeg |
| 999 |
_c1422 _d1422 |
||